Texts (Record no. 272)
[ view plain ]
| 000 -LEADER | |
|---|---|
| fixed length control field | 00391 a2200157 4500 |
| 000 - LEADER | |
| fixed length control field | BKB |
| 001 - CONTROL NUMBER | |
| control field | 066080 |
| 005 - DATE AND TIME OF LATEST TRANSACTION | |
| control field | 20200902145624.0 |
| 008 - FIXED-LENGTH DATA ELEMENTS--GENERAL INFORMATION | |
| fixed length control field | |
| 082 ## - DEWEY DECIMAL CLASSIFICATION NUMBER | |
| Classification number | 801.95 |
| Item number | C43T |
| 100 1# - MAIN ENTRY--PERSONAL NAME | |
| Personal name | Childs, Peter |
| 245 1# - TITLE STATEMENT | |
| Title | Texts |
| Statement of responsibility, etc | by Peter Childs |
| 260 ## - PUBLICATION, DISTRIBUTION, ETC. (IMPRINT) | |
| Place of publication, distribution, etc | Edinburgh |
| Name of publisher, distributor, etc | Edinburgh University Press |
| Date of publication, distribution, etc | 2006 |
| 300 ## - PHYSICAL DESCRIPTION | |
| Extent | 177p. |
| 690 ## - LOCAL SUBJECT ADDED ENTRY--TOPICAL TERM (OCLC, RLIN) | |
| Topical term or geographic name as entry element | Criticism |
| Withdrawn status | Lost status | Damaged status | Not for loan | Home library | Current library | Date acquired | Cost, normal purchase price | Total Checkouts | Full call number | Barcode | Date last seen | Price effective from | Koha item type |
|---|---|---|---|---|---|---|---|---|---|---|---|---|---|
| Central University Of Rajasthan | Central University Of Rajasthan | 07/03/2012 | 1242.00 | 801.95 C43T | 366 | 21/11/2024 | 02/09/2020 | Books |
